000 00311nam a22001337a 4500
008 170522b xxu||||| |||| 00| 0 eng d
020 _a9781860641046
041 _aeng
080 _a94
100 _a16
101 _aSHH
245 _aIRAN'S ECONOMY UNDER THE ISLAMIC REPUBLIC
_cTAURIS, I.B
942 _2udc
_cBK
999 _c13799
_d13799